ბათუმის შოთა რუსთაველის სახელმწიფო უნივერსიტეტის ბიბლიოთეკა

კომპიუტერული ქსელები (1-ლი ნაწილი) (ბიბ.ჩანაწერი № 34502)

000 -LEADER
fixed length control field 00682nam a2200217Ia 4500
001 - CONTROL NUMBER
control field 251
003 - CONTROL NUMBER IDENTIFIER
control field GE_BSU
008 - FIXED-LENGTH DATA ELEMENTS--GENERAL INFORMATION
fixed length control field 181216s||||||||xx |||||||||||||| ||und||
020 ## - INTERNATIONAL STANDARD BOOK NUMBER
International Standard Book Number 9789941146473
040 ## - CATALOGING SOURCE
Transcribing agency GE_BSU
080 ## - UNIVERSAL DECIMAL CLASSIFICATION NUMBER
Universal Decimal Classification number 004.7(075.8)
100 ## - MAIN ENTRY--PERSONAL NAME
Personal name ადამია,ვ;არაბული,ნ;ცირამუა,ზ
245 ## - TITLE STATEMENT
Title კომპიუტერული ქსელები (1-ლი ნაწილი)
260 ## - PUBLICATION, DISTRIBUTION, ETC.
Place of publication, distribution, etc. თბილისი
260 ## - PUBLICATION, DISTRIBUTION, ETC.
Name of publisher, distributor, etc. ტექნიკური უნ-ტი
260 ## - PUBLICATION, DISTRIBUTION, ETC.
Date of publication, distribution, etc. 2009
300 ## - PHYSICAL DESCRIPTION
Extent 207 გვ.
653 ## - INDEX TERM--UNCONTROLLED
Uncontrolled term კომპიუტერული ქსელები
942 ## - ADDED ENTRY ELEMENTS (KOHA)
Koha item type წიგნი
ეგზემპლარები
Withdrawn status Lost status Damaged status Not for loan Date acquired Barcode Date last seen Price effective from Koha item type
        2018-12-17 913 2018-12-17 2018-12-17 წიგნი